00258nam a2200097Ia 4500008004000000082001700040100002400057245002200081260004600103300001100149210210b1968 xxu||||| |||| 00| 0 eng d a824.009 BOUA aBOULTON (Marjorie). aAnatomy of prose. aLondonbRoutledge & Kegan Paul Ltd.c1968 axi,190